Statistics for Vocabulary starting with K

Click here to take the quiz!

General Stats

  • This quiz has been taken 34 times
  • The average score is 20 of 25

Answer Stats

HintAnswer% Correct
What is the name of the animal that is native to Australia and is known for its large hind legs and pouch for carrying its young?Kangaroo
100%
What is the title given to a male monarch who rules a kingdom?King
100%
What is the name of the set of tools or materials needed for a particular activity or task?Kit
100%
What is the name of the organ in the human body responsible for filtering waste from the blood?Kidney
97%
What unit of measurement is equivalent to 1000 meters?Kilometer
97%
What is the room in a house or restaurant where food is prepared and cooked called?Kitchen
97%
What object do you fly in the sky using string and wind?Kite
97%
What is the title given to a medieval warrior who served a king or nobleman?Knight
97%
What is a physical expression of affection, often involving the lips or cheek?Kiss
93%
What is the name of the popular condiment made from tomatoes, vinegar, sugar, and spices?Ketchup
90%
What device do you use to input text into a computer or other electronic device?Keyboard
87%
What is the concept in Hinduism and Buddhism that refers to the sum of a person's actions in this and previous lives, which determines their fate in future lives?Karma
83%
What is the name of the round handle on a door or drawer used for opening or closing it?Knob
83%
What is the general term used to refer to information or understanding about a particular subject?Knowledge
83%
What is the name of the small, narrow boat that is propelled by a double-bladed paddle?Kayak
80%
What is the name of the educational institution that typically serves children between the ages of four and six?Kindergarten
80%
What is the term used to describe the energy associated with motion?Kinetic
80%
What is the name of the large container used for storing and dispensing beer, typically made of wood or metal?Keg
77%
What is the name of the joint in the fingers that allows them to bend?Knuckle
73%
What is the name of the optical instrument that contains mirrors and colored glass to create beautiful and intricate patterns?Kaleidoscope
67%
To have possession or ownership of something, or to maintain or preserve somethingKeep
63%
What is the name of the small, edible part of a nut or seed?Kernel
63%
What is the name of the chemical element with the symbol "Kr" and atomic number 36?Krypton
60%
What is the name of the square cloth worn around the neck or head for decorative or protective purposes?Kerchief
50%
What is the name of the bird native to Australia that is known for its distinctive laughing call?Kookaburra
50%

Score Distribution

Percentile by Number Answered

Percent of People with Each Score

Your Score History

You have not taken this quiz